Statistics for Countries Bordering Sudan With a Map

Click here to take the quiz!

General Stats

  • This quiz has been taken 694 times
  • The average score is 7 of 7

Answers on the Map

Answers color-coded by a green-red scale on the quiz's map according to % correct below.
 

Answer Stats

Answer% Correct
Egypt
98%
South Sudan
98%
Chad
95%
Ethiopia
94%
Libya
94%
Eritrea
91%
Central African Republic
88%

Score Distribution

Percentile by Number Answered

Percent of People with Each Score

Your Score History

You have not taken this quiz